000 00861nam a2200193 i 4500
001 159200
003 ES-MaACL
005 20260127062551.0
008 931025s1897 sp |||| | spa d
100 1 _aMaura y Montaner, Antonio,
_d1853-1925
_979224
245 1 0 _aDiscurso leido por el Excm. Sr. D. Antonio Maura y Montaner... en la sesión inaugural del Curso de 1897 a 1898 en 26 de noviembre de 1897.
260 _aMadrid :
_b[s.n.],
_c1897 (
_fImprenta de los hijos de M.G. Hernández)
300 _a46 p. ;
_c25 cm.
505 8 _aTema del discurso: Propiedad de personas jurídicas, amortización, vinculación
650 0 4 _aPersonas jurídicas.
_915979
700 _aReal Academia de Jurisprudencia y Legislación de España
_9217612
852 _aES-MaACL
_jT-819-F-2
_z-- Enc. hol., conservando la enc. original
999 _c159200
_d159200